000 00868nac a22002171u 4500
082 _a603
_bZIM
090 _c6300
_d6300
100 _azimaity, Mohammed A.
245 _aTechnical dictionary. Aeronautical engineering
_bEnglish-French-German-Arabic/
_cCompiled and defined by Mohammed A. Zimaity; edited by Anwar Mahmoud Abd-el-Wahed
260 _aLeipzig; Cairo:
_bAl-Ahram,1976
_c1976
300 _a135, 234p.:
_bill.;
_c23 cm.
440 _aal-maajim al Technolozhiya Al Takhasusiyah
500 _adistributer: Al-Ahram
511 _acatalogued by: wessam
650 _aTechnology
_xDictionaries Arabic
650 _aTechnology
_vDictionaries French
650 _aTechnology
_vDictionaries German
700 _aAbd El Wahed, Anwar Mahmoud
942 _cNB
_k603 ZIM
999 _c6300
_d6300